| 000 | 01284cam a22002054a 4500 | ||
|---|---|---|---|
| 005 | 20250605164111.0 | ||
| 008 | 250528s ||||||||||||||||||||||||d | ||
| 035 | _a17905 | ||
| 020 | _a814456014 | ||
| 040 |
_aGR-AtMCL _bgre _dGR-AtMCL _eAACR2 |
||
| 245 | 1 | _aThe Face of Business | |
| 260 |
_bAddison-Wesley Publishing Company, _c1980 |
||
| 300 | _a276 | ||
| 505 | 0 | _aBusiness, What is Business?, Business Management and Organization, Corporate Report Cards, Money Flow, Paying the Troops, Management and the Shareholders, The Corporation, Macro Organization, Staff Functions, Project Teams and Task Forces and Consultants, Top Management, People in Business, Training for Business, People, Benefits and Perquisites and Status Symbols, Tribal Mores and Taboos, Index. | |
| 520 | _aBusiness, What is Business?, Business Management and Organization, Corporate Report Cards, Money Flow, Paying the Troops, Management and the Shareholders, The Corporation, Macro Organization, Staff Functions, Project Teams and Task Forces and Consultants, Top Management, People in Business, Training for Business, People, Benefits and Perquisites and Status Symbols, Tribal Mores and Taboos, Index. | ||
| 700 | 1 |
_aMeyer I. Henry _94205 |
|
| 942 | _cBK | ||
| 999 |
_c3304 _d3304 |
||